Bureaucrazy gets crazier : (Record no. 83617)

MARC details
000 -LEADER
fixed length control field 00689nam a22002177a 4500
005 - DATE AND TIME OF LATEST TRANSACTION
control field 20150916145425.0
010 ## - LCCN (DPL NO)
LC control number B-506689-691 ENG-113877
020 ## - INTERNATIONAL STANDARD BOOK NUMBER
International Standard Book Number 9789322008086
Terms of availability 250.00
035 ## - SYSTEM CONTROL NUMBER
System control number B-506689-691
035 ## - SYSTEM CONTROL NUMBER
System control number EN-97409
037 ## - SOURCE OF ACQUISITION
Stock number dpl
Source of stock number/acquisition BSB/Ven
037 ## - SOURCE OF ACQUISITION
Source of stock number/acquisition DBAD/PUB
082 ## - DEWEY DECIMAL CLASSIFICATION NUMBER
Classification number S
100 ## - MAIN ENTRY--PERSONAL NAME
Personal name Kaw, M.K.
245 ## - TITLE STATEMENT
Title Bureaucrazy gets crazier :
Statement of responsibility, etc by M.K.Kaw
Remainder of title IAS unmasked /
260 ## - PUBLICATION, DISTRIBUTION, ETC. (IMPRINT)
Place of publication, distribution, etc New Delhi
Name of publisher, distributor, etc Konark Publishers
Date of publication, distribution, etc 2012
270 ## - ADDRESS
Address 206, First Floor, Peacock Lane, Shahpur Jat
City New Delhi
Postal code 110049
300 ## - PHYSICAL DESCRIPTION
Extent xvii,196p.
Dimensions 22cm(Hb)
942 ## - ADDED ENTRY ELEMENTS (KOHA)
Source of classification or shelving scheme Dewey Decimal Classification
Item type English Books
Classification part S
Call number suffix KAW
Holdings
Withdrawn status Lost status Not for loan Collection code Home library Current library Date acquired Source of acquisition Cost, normal purchase price Full call number Barcode Copy number Cost, replacement price Koha item type
    Not For Loan Fiction D.B.Act.Division D.B.Act.Division 20/08/2015 DBAD/PUB 250.00 S KAW EN-97409 1 250.00 English Books
      Fiction Janak Puri Janak Puri 17/04/2014 BSB/886/09.03.2013/169/08.03.2013/22.03.2013 250.00 S KAW B-506690 1 250.00 English Books
  Written-off vide DLB M. No. 383 dt 16.05.19   Fiction Patel Nagar Patel Nagar 17/04/2014 BSB/886/09.03.2013/169/08.03.2013/22.03.2013 250.00 S KAW B-506689 1 250.00 English Books
      Fiction Shahdara Branch Shahdara Branch 17/04/2014 BSB/886/09.03.2013/169/08.03.2013/22.03.2013 250.00 S KAW B-506691 1 250.00 English Books

© Delhi Public Library
Hit Counter
free hit counter